MESTSKÁ KNIŽNICA GIRALTOVCE  - online katalóg 

Rozvod a odlúčenie (Record no. 19864)

000 -NÁVESTIE
fixed length control field 00822nam a2200253 a 4500
008 - ÚDAJE S PEVNOU DĹŽKOU – VŠEOBECNÉ INFORMÁCIE
fixed length control field 000210s1999 a yxo a r 0 slo c
020 ## - MEDZINÁRODNÉ ŠTANDARDNÉ ČÍSLO KNIHY (ISBN)
Medzinárodné štandardné číslo knihy (ISBN) 8071349771
Údaje o dostupnosti 20
040 ## - ZDROJ KATALOGIZÁCIE
Pôvodná katalogizujúca agentúra SNK
Jazyk katalogizácie slo
Prepisujúca agentúra SNK
Konvencie popisu AACR2
041 1# - KÓD JAZYKA
Kód jazyka textu/zvukovej stopy alebo samostatných nápisov slo
Kód jazyka originálu a/alebo sprostredkujúcich prekladov textu eng
044 ## - KÓD KRAJINY VYDAVATEĽA/PRODUCENTA
Kód krajiny MARC xo
Kód krajiny ISO SK
080 ## - ČÍSLO MEDZINÁRODNÉHO DESATINNÉHO TRIEDENIA (MDT)
Číslo Medzinárodného desatinného triedenia (MDT) 159.922:173.1
080 ## - ČÍSLO MEDZINÁRODNÉHO DESATINNÉHO TRIEDENIA (MDT)
Číslo Medzinárodného desatinného triedenia (MDT) 173.1
100 1# - OSOBNÉ MENÁ – VŠEOBECNÉ INFORMÁCIE
Osobné meno Whyman, Matthew
Kód roly aut
245 10 - NÁZOV
Názov Rozvod a odlúčenie
Zvyšok názvu ako zvládnuť rozchod rodičov
Údaj o zodpovednosti atď. napísal Matthew Whyman ; ilustroval Harry Venning ; [preklad Zuzana Višňovská]
260 ## - VYDAVATEĽSKÉ ÚDAJE, DISTRIBÚCIA ATĎ.
Miesto publikovania, distribúcie atď. Bratislava
Názov vydavateľa, distibútora atď. EGMONT
Dátum publikovania, distribúcie atď. 1999
300 ## - FYZICKÝ POPIS
Rozsah 144 s.
Ďalšie fyzické detaily ilustr.
Rozmery 20 cm
490 1# - EDÍCIA
Edícia Chceš vedieť viac?
500 ## - VŠEOBECNÁ POZNÁMKA
Formátovaná poznámka o obsahu Údaj o prekl. prevzatý z rubu tit. strany
650 07 - PRIDANÝ VSTUP – PREDMET – TEMATICKÉ HESLO
Tematické heslo alebo geografický názov ako vstupný prvok rozvod (soc.)
Všeobecný pododdiel úvahy
Zdroj hesla alebo termínu SNK
700 1# - PRIDANÝ VSTUP – OSOBNÉ MENO
Osobné meno Venning, Harry
Kód roly ill
700 1# - PRIDANÝ VSTUP – OSOBNÉ MENO
Osobné meno Višňovská, Zuzana
Kód roly trl
760 1# -
-- Chceš vedieť viac?
958 ## - Formálny deskriptor
Formálny deskriptor APP
Holdings
Stav stiahnutia (Blokovanie) (Withrawn status) Stav straty Stav poškodenia (Damaged status) Nie pre výpožičky (Not for loan) Spôsob nadobudnutia (Collection code) Trvalé umiestnenie Aktuálne umiestnenie Dátum nadobudnutia Náklady, bežná kúpna cena Inventárne číslo (prírastkové číslo) Full call number Dátum posledného výskytu Cena s účinnosťou od Typ jednotky Koha
        Kúpa Mestská knižnica Giraltovce Mestská knižnica Giraltovce 2019-11-29 20.00 18 350 I 1554 2019-11-29 2019-11-29 Odborná literatúra pre dospelých

Powered by Koha